La democracia en Europa : (Record no. 126534)
[ view plain ]
| 000 -LEADER | |
|---|---|
| campo de control de longitud fija | 02350nam a22002417a 4500 |
| 003 - IDENTIFICADOR DE NÚMERO DE CONTROL | |
| campo de control | BJBSDDR |
| 005 - FECHA Y HORA DE LA ÚLTIMA TRANSACCIÓN | |
| campo de control | 20260306123817.0 |
| 007 - CAMPO FIJO DE DESCRIPCIÓN FÍSICA--INFORMACIÓN GENERAL | |
| campo de control de longitud fija | ta |
| 008 - DATOS DE LONGITUD FIJA--INFORMACIÓN GENERAL | |
| campo de control de longitud fija | 260306s2017 sp ||||| |||| 00| 0 spa d |
| 020 ## - NÚMERO INTERNACIONAL ESTÁNDAR DEL LIBRO | |
| Número Internacional Estándar del Libro | 9788481098037 |
| 020 ## - NÚMERO INTERNACIONAL ESTÁNDAR DEL LIBRO | |
| Número Internacional Estándar del Libro | 8481098035 |
| 040 ## - FUENTE DE CATALOGACIÓN | |
| Lengua de catalogación | spa |
| Centro/agencia transcriptor | BJBSDDR |
| 041 ## - CÓDIGO DE IDIOMA | |
| Código de lengua del texto/banda sonora o título independiente | spa |
| 050 ## - SIGNATURA TOPOGRÁFICA DE LA BIBLIOTECA DEL CONGRESO | |
| Número de ítem | In58 2017 |
| 100 1# - ENTRADA PRINCIPAL--NOMBRE DE PERSONA | |
| Nombre de persona | Innerarity, Daniel, |
| Fechas asociadas al nombre | 1959- |
| 9 (RLIN) | 10432 |
| 245 13 - MENCIÓN DEL TÍTULO | |
| Título | La democracia en Europa : |
| Resto del título | una filosofía política de la Unión Europea / |
| Mención de responsabilidad, etc. | Daniel Innerarity |
| 250 ## - MENCION DE EDICION | |
| Mención de edición | 1ª edición |
| 260 ## - PUBLICACIÓN, DISTRIBUCIÓN, ETC. | |
| Lugar de publicación, distribución, etc. | Barcelona : |
| Nombre del editor, distribuidor, etc. | Galaxia Gutenberg, |
| Fecha de publicación, distribución, etc. | 2017 |
| 300 ## - DESCRIPCIÓN FÍSICA | |
| Extensión | 382 páginas ; |
| Dimensiones | 21 cm |
| 520 ## - RESUMEN, ETC. | |
| Sumario, etc. | Entre las deficiencias de la Unión Europea, una de las más corrosivas es que no resulta inteligible. Europa no tendrá sentido mientras no haya una narrativa que pueda ser entendida y aceptada por su ciudadanía. Este libro trata de hacer comprensible el experimento europeo sin rendirse ni al minimalismo tecnocrático ni a las simplificaciones populistas. Su autor sostiene que la Unión Europea sólo puede ser entendida en el marco conceptual de una democracia compleja. En unos momentos en los que la carencia de épica no se ve compensada por una legitimidad funcional, en los que el proyecto europeo no puede contar ni con el recurso a gestas enfáticas ni con el discreto favor de la efectividad, el paisaje se nos ha llenado de referencias negativas. Debilitadas las diversas legitimaciones de la integración, los únicos relatos poderosos que quedan en pie son las impugnaciones populistas o la inevitabilidad con que se imponen las justificaciones tecnocráticas. Al mismo tiempo, los llamamientos genéricos a una mayor integración, a 'más Europa', tienen una resonancia coactiva, de rendición ante lo inevitable y en la dirección ya conocida. En unos momentos de especial incertidumbre en relación con el futuro de Europa, si de algo podemos estar seguros es de que su futuro no puede depender más que de reflexiones compartidas y decisiones libres. Daniel Innerarity trata de explicar cuál es la innovación política de la Unión Europea, sus insuficiencias y sus oportunidades, su peculiar sistema de representación y decisión, qué tenemos derecho a esperar de ella y qué podemos exigirle para que sea, de acuerdo con su peculiar naturaleza, más democrática |
| 942 ## - ELEMENTOS DE ENTRADA SECUNDARIOS (KOHA) | |
| Fuente del sistema de clasificación o colocación | Clasificación de Library of Congress |
| Suprimir en OPAC | No |
| Tipo de ítem Koha | Libro |
| 946 ## - PROCESAMIENTO DE INFORMACIÓN LOCAL (OCLC) | |
| Iniciales del agente catalogador | cmc |
| Estatus retirado | Estado de pérdida | Fuente del sistema de clasificación o colocación | Estado de daño | No para préstamo | Colección | Biblioteca de origen | Biblioteca actual | Ubicación en estantería | Fecha de adquisición | Signatura topográfica completa | Código de barras | Visto por última vez | Copia número | Tipo de ítem Koha |
|---|---|---|---|---|---|---|---|---|---|---|---|---|---|---|
| Clasificación de Library of Congress | Automatización y Procesos Técnicos | Biblioteca Juan Bosch | Biblioteca Juan Bosch | Automatización y Procesos Técnicos (1er. Piso) | 06/03/2026 | In58 2017 | 00000198799 | 06/03/2026 | 1 | Libro |
